000 00523nam a2200181Ia 4500
001 20559
005 20260306172815.0
008 260306t2023||||xx |||||||||||||| ||spa||
041 _aESP
082 _a343.4
_bG24A
100 _aGarcía Toma, Víctor,
_eAUT
245 0 _aAcceso a la jurisdicción constitucional y medios impugnatorios :
_bdemanda, apelación y recurso de agravio constitucional
260 _c2023
300 _a414 páginas :
_c25 cm.
650 _aGEN
654 _aCDE
942 _cLIB
_dJUS
_fJUS
_2ddc
_n
999 _c20559
_d20559